| 000 -CABECERA |
| Longitud fija campo de control |
00885cam a2200253 a 4500 |
| 001 - NÚMERO DE CONTROL |
| Número de control |
.b53939207 |
| 003 - IDENTIFICADOR DEL NÚMERO DE CONTROL |
| Identificador del número de control |
OSt |
| 005 - FECHA Y HORA DE LA ÚLTIMA TRANSACCIÓN |
| Fecha y hora de la última transacción |
20131212142058.0 |
| 008 - CÓDIGOS DE INFORMACIÓN DE LONGITUD FIJA |
| Códigos de información de longitud fija |
121218s2012 sp d||| |||| 000 0 spa|c |
| 020 ## - NÚMERO INTERNACIONAL NORMALIZADO PARA LIBROS |
| Número Internacional Normalizado para Libros (ISBN) |
9788430954469 |
| 040 ## - FUENTE DE LA CATALOGACIÓN |
| Centro transcriptor |
CDMR |
| Lengua de catalogación |
cat |
| 245 00 - MENCIÓN DE TÍTULO |
| Título |
Comunicación y terrorismo |
| Mención de responsabilidad, etc. |
Ubaldo Cuesta, María José Canel, Mario G. Gurrionero (editores) ; autores: Jacob Bañuelos Capistrán... [et al.] |
| 260 ## - PUBLICACIÓN, DISTRIBUCIÓN, ETC. (PIE DE IMPRENTA) |
| Lugar de publicación, distribución, etc. |
Madrid |
| Nombre del editor, distribuidor, etc. |
Tecnos |
| Fecha de publicación, distribución, etc. |
cop. 2012 |
| 300 ## - DESCRIPCIÓN FÍSICA |
| Extensión |
348 p. : |
| Dimensiones |
23 cm |
| 650 04 - PUNTO DE ACCESO ADICIONAL DE MATERIA - TÉRMINO DE MATERIA |
| Término de materia o nombre geográfico como elemento inicial |
Terrorisme en els mitjans de comunicació de massa |
| 650 04 - PUNTO DE ACCESO ADICIONAL DE MATERIA - TÉRMINO DE MATERIA |
| Término de materia o nombre geográfico como elemento inicial |
Mitjans de comunicació de massa |
| 9 (RLIN) |
3542 |
| Subdivisión de materia general |
Influència |
| 650 04 - PUNTO DE ACCESO ADICIONAL DE MATERIA - TÉRMINO DE MATERIA |
| Término de materia o nombre geográfico como elemento inicial |
Comunicació en l'administració |
| 9 (RLIN) |
3870 |
| 650 04 - PUNTO DE ACCESO ADICIONAL DE MATERIA - TÉRMINO DE MATERIA |
| Término de materia o nombre geográfico como elemento inicial |
Política de la comunicació |
| 9 (RLIN) |
4364 |
| 700 1# - PUNTO DE ACCESO ADICIONAL - NOMBRE DE PERSONA |
| Nombre de persona |
Cuesta Cambra, Ubaldo |
| 700 1# - PUNTO DE ACCESO ADICIONAL - NOMBRE DE PERSONA |
| Nombre de persona |
Canel, María José |
| 700 1# - PUNTO DE ACCESO ADICIONAL - NOMBRE DE PERSONA |
| Nombre de persona |
Gurrionero, Mario G. |
| 700 1# - PUNTO DE ACCESO ADICIONAL - NOMBRE DE PERSONA |
| Nombre de persona |
Bañuelos Capistrán, Jacob |
| 942 ## - ENTRADA DE ELEMENTOS AGREGADOS (KOHA) |
| Fuente de clasificaión o esquema |
|
| Koha [por defecto] tipo de item |
Monografies |